Personnages Call of Duty Moderne Warfare 2 - Statistiques

Statistiques générales
  • Ce quiz a été pris 159 fois
  • Le résultat moyen est 4 sur 7
Statistiques - réponses
Par images Réponse % Correct
Ghost
98%
Capitaine Price
96%
Capitaine "Soap" MacTavish
91%
Makarov
76%
Général Shepherd
37%
Sergent Foley
20%
Caporal Dunn
18%
Aucun quiz correspondant
Distribution des résultats
% des personnes avec chaque résultat
Percentile par nombre de réponses
Votre historique - résultats
Vous n’avez pas pris ce quiz